000 00477nam a2200193Ia 4500
005 20250603144819.0
008 250603s9999 xx 000 0 und d
020 _a9780781721714
050 _aRC 900 .S3/
100 _aSchrier, Robert W.
245 0 _aDiseases of the kidney and urinary tract
250 _a7th ed.
260 _aUnited state
260 _bLippincott willams & wilkins
260 _c2001
300 _a2080 p
650 _aUnited state
942 _cBK
999 _c40028
_d40028